Shinohata : A portrait of a Japanese village
Ronald Dore offers the reader insight into the changing rural life of Japan in this fascinating study of a village some 100 miles from Tokyo where he lived first in 1955 and again in the early 1970s. A new Afterword reports on the acceleration of change to a once self-sufficient community most of wh...
Gespeichert in:
| 1. Verfasser: | |
|---|---|
| Format: | Buch |
| Sprache: | Undetermined |
| Veröffentlicht: |
Berkeley
University of California Press
1978
|
| Schlagworte: | |
| Tags: |
Tag hinzufügen
Keine Tags, Fügen Sie den ersten Tag hinzu!
|
| Thư viện lưu trữ: | Trung tâm Học liệu Trường Đại học Cần Thơ |
|---|
| LEADER | 00961nam a2200229Ia 4500 | ||
|---|---|---|---|
| 001 | CTU_118866 | ||
| 008 | 210402s9999 xx 000 0 und d | ||
| 020 | |c 26.95 | ||
| 082 | |a 307.720952 | ||
| 082 | |b D695 | ||
| 100 | |a Dore, Ronald P. | ||
| 245 | 0 | |a Shinohata : | |
| 245 | 2 | |b A portrait of a Japanese village | |
| 245 | 0 | |c Ronald P. Dore | |
| 260 | |a Berkeley | ||
| 260 | |b University of California Press | ||
| 260 | |c 1978 | ||
| 520 | |a Ronald Dore offers the reader insight into the changing rural life of Japan in this fascinating study of a village some 100 miles from Tokyo where he lived first in 1955 and again in the early 1970s. A new Afterword reports on the acceleration of change to a once self-sufficient community most of whose young men now commute to city jobs instead of working the land. | ||
| 650 | |a Villages,Rural families | ||
| 650 | |z Japan,Japan | ||
| 904 | |i Truc | ||
| 980 | |a Trung tâm Học liệu Trường Đại học Cần Thơ | ||